00281nam a2200121Ia 4500008004100000100001400041245003000055260002500085300000900110650001600119942000700135999001700142190216s9999||||xx |||||||||||||| ||und|| aNinan V I 0aBsc Subsidiary Statistics bMar Gregoriousc1981 a275p aMathematics cBK c37181d37181